[Event "It (open)"]
[Site "masterchessopen.com Hoogeveen (Netherlands)"]
[Date "2006.10.27"]
[Round "8"]
[White "Rogers Ian (AUS)"]
[Black "Postny Evgeny (ISR)"]
[Result "0-1"]
[WhiteElo "2526"]
[BlackElo "2609"]

{ Rogers Ian (AUS) +1 =1 -0 } 1.e4 e5 2.Nf3 Nc6 3.Bb5 a6 4.Ba4 Nf6 5.O-O Be7
6.Re1 b5 7.Bb3 d6 8.c3 O-O 9.h3 Nb8 10.d4 Nbd7 11.c4 { = } ( 11.Nbd2 Bb7 12.a4
c5 13.Bc2 Re8 14.Nf1 d5 15.dxe5 Nxe4 16.Ne3 Nf8 17.Nxd5 Bxd5 18.Bxe4 Bxe4
19.Qxd8 Rexd8 20.Rxe4 Ne6 21.Be3 c4 22.Kf1 Bc5 23.Bg5 Rdc8 24.Re2 h6 25.Bc1
Kf8 26.g3 Bb6 27.h4 Ke7 28.h5 Nc5 29.Nd4 Nxa4 30.Nf5+ Kf8 { ...1-0, Rogers Ian
2593 - Solomon Stephen J 2435 , Adelaide 2004 Ch Australia } ) 11...Bb7 (
11...c6 12.cxb5 axb5 13.Nc3 Bb7 14.Bg5 b4 15.Nb1 h6 16.Bh4 c5 17.dxe5 Nxe4
18.Bxe7 Qxe7 19.exd6 Qf6 20.Nbd2 Nxd6 21.Nc4 Nxc4 22.Bxc4 Nb6 23.Ne5 Rae8
24.Bxf7+ Rxf7 25.Nxf7 Rxe1+ 26.Qxe1 Kxf7 27.Qe3 Qg5 28.Qxg5 hxg5 29.b3 Ke6
30.a3 Kd6 31.axb4 { ...1/2-1/2, Fischer Robert J 2785 - Spassky Boris V 2560 ,
Sveti-Stefan/Belgrade 1992 Match } ) 12.Nc3 c6 ( 12...exd4 13.Nxd4 Nc5 14.Nd5
Nxb3 15.axb3 Nxd5 16.cxd5 Bf6 17.b4 Re8 18.Re2 Qd7 { 1/2-1/2, Gufeld Eduard
2434 - Usachyi Mark 2196 , Kiev 1960 Ch "Avangard" } ) 13.c5 { -0.22 CAP } (
13.a3 h6 14.Qc2 exd4 { +0.18 CAP } ) 13...Qb8 { N } ( 13...Qc7 14.cxd6 Bxd6
15.Bg5 ( 15.dxe5 Nxe5 16.Bg5 Nxf3+ 17.Qxf3 Bh2+ 18.Kh1 Be5 19.Re2 Rfe8 20.Rae1
Rad8 21.Bc2 Re6 22.Bb3 Ree8 23.Nd1 c5 24.Bd5 Rd6 25.Ne3 Nxd5 26.Nxd5 Qd7
27.Qa3 Bd4 28.Bf4 Rg6 29.f3 h6 30.Ne3 Bxe3 31.Bxe3 b4 32.Qb3 Qb5 33.Rc2 {
...1/2-1/2, Iruzubieta Jesus Maria 2360 - Acebal Muniz Antonio 2205 , Spain
1993 Ch Spain } ) 15...h6 16.dxe5 Bxe5 17.Nxe5 Qxe5 18.Bh4 Nc5 19.Bg3 Qg5
20.h4 Qg6 21.Bc2 Rfd8 22.Bd6 Bc8 23.e5 Bf5 24.Bxf5 Qxf5 25.exf6 Qxf6 26.Bxc5
Rxd1 27.Raxd1 Qxh4 28.Rd4 Qg5 29.b4 a5 30.a3 Qf5 31.Ne4 axb4 32.axb4 Qe5
33.Rdd1 { ...1-0, Korchnoi Viktor 2575 - Beliavsky Alexander G 2595 , Biel
1992 It } ) ( 13...exd4 14.cxd6 Bxd6 15.Qxd4 ( 15.Nxd4 Qc7 16.Nf5 Be5 17.Bg5
Nc5 18.f4 Bxc3 19.bxc3 Rad8 20.Qc2 Ne6 21.e5 Nxg5 22.exf6 Qxf4 23.h4 Nf3+
24.gxf3 Rd2 25.Qxd2 Qxd2 26.fxg7 Rb8 27.Re7 h5 28.Rxf7 { 1-0, Rasmussen Barry
2240 - Kaptsan Aron 2153 , Winnipeg 1993 Tournament (team) } ) 15...Bc7 16.Bg5
c5 17.Qe3 c4 18.Bc2 Re8 19.Rad1 Qb8 20.Qc1 b4 21.Nd5 Bxd5 22.exd5 Qb5 23.Rxe8+
Rxe8 24.d6 Bb6 25.Bh4 Qc6 26.Bd3 Rc8 27.Bf5 Re8 28.Bd3 Rc8 29.Bf5 Re8 30.Bd3 {
1/2-1/2, Nilsson Zandor 2300 - Spassky Boris V 2548 , Habana 1966 Olympiad } )
( 13...h6 14.cxd6 Bxd6 15.Be3 Qc7 16.Rc1 exd4 17.Nxd4 Rad8 18.Nd5 Nxd5 19.exd5
c5 20.Nf5 Kh8 21.Qd2 Be5 22.Bxh6 g6 23.Rxe5 Rg8 24.Bg7+ Rxg7 25.d6 Qb6 26.Nxg7
Kxg7 27.Rh5 c4 28.Qh6+ Kf6 29.Bc2 Ke6 30.Re1+ { 1-0, Zakharov Alexander 2393 -
Vitolins Alvis 2435 , Leningrad 1962 Ch URS (team) } ) 14.cxd6 Bxd6 15.Bg5
exd4 16.e5 dxc3 17.exf6 g6 { ?! } ( 17...gxf6 { !? } 18.Bc1 cxb2 19.Bxb2 c5
20.Bd5 Bf4 21.Bxb7 Qxb7 22.Re7 { } ) 18.bxc3 Ne5 19.Bh6 Rd8 20.Nxe5 Bxe5
21.Qxd8+ Qxd8 22.Rxe5 c5 23.Rae1 { ? } ( 23.Rxc5 Qxf6 24.Rc7 Bc6 25.Re1 Re8
26.Rxe8+ Bxe8 27.Bxf7+ Qxf7 28.Rxf7 Bxf7 29.a3 Bd5 30.f3 { } ) 23...c4 24.Bd1
Bc6 25.Bg7 { ?! } ( 25.Re7 { !? } 25...Qd6 26.Bf3 Rd8 27.g4 Qxf6 28.Bd5 Qxe7
29.Rxe7 Bxd5 30.Ra7 Rd6 31.Rc7 Be6 { } ) 25...a5 26.Bg4 b4 27.Re7 b3 28.Be2
Bd5 29.axb3 cxb3 30.c4 Be6 31.Bf3 Rb8 32.Bc6 b2 33.Rb1 Qd2 { } {#R} 0-1

[Event "Memorial Maheswaranand (open)"]
[Site "masterchessopen.com Pune (India)"]
[Date "2006.11.01"]
[Round "3"]
[White "Swathi Ghate (IND)"]
[Black "Kelkar Abhishek (IND)"]
[Result "1-0"]
[WhiteElo "2385"]
[BlackElo "2046"]

1.e4 e5 2.Nf3 Nc6 3.Bb5 a6 4.Ba4 Nf6 5.O-O Be7 6.Re1 b5 7.Bb3 d6 8.c3 O-O 9.h3
Nb8 10.d4 Nbd7 11.Nbd2 Bb7 12.a4 c5 13.Bc2 Re8 14.Nf1 Bf8 15.d5 c4 16.Ng3 g6
17.Bg5 h6 18.Be3 Nc5 19.Qd2 h5 20.Ra3 Be7 21.axb5 axb5 22.Rxa8 Qxa8 23.Bxc5
dxc5 24.Nxe5 Bd6 25.Nxg6 fxg6 26.Qg5 Qd8 27.Qxg6+ Kh8 28.Nf5 Bf8 29.Re3 {#r}
1-0

[Event "Ch Great Britain (active)"]
[Site "masterchessopen.com Halifax (England)"]
[Date "2006.11.04"]
[Round "6"]
[White "Hanley Craig (ENG)"]
[Black "Cobb James (WLS)"]
[Result "1-0"]
[WhiteElo "2427"]
[BlackElo "2395"]

1.e4 e5 2.Nf3 Nc6 3.Bb5 a6 4.Ba4 Nf6 5.O-O Be7 6.Re1 b5 7.Bb3 O-O 8.h3 d6 9.c3
Nb8 10.d4 Nbd7 11.Nbd2 Bb7 12.Bc2 Re8 13.Nf1 c5 14.Ng3 cxd4 15.cxd4 exd4
16.Nxd4 d5 17.e5 Bb4 18.Bd2 Bxd2 19.Qxd2 Nxe5 20.Rad1 Nc4 21.Qc1 Qb6 22.Ngf5
Rxe1+ 23.Rxe1 Re8 24.Rd1 Ne4 25.Bxe4 dxe4 26.Qg5 g6 27.b3 Na5 28.Nh6+ Kf8
29.Ndf5 f6 30.Rd7 Re7 31.Qd2 gxf5 32.Rd8+ Re8 {#r} 1-0

[Event "Memorial J.Capablanca (open)"]
[Site "masterchessopen.com Habana (Cuba)"]
[Date "2006.11.25"]
[Round "5"]
[White "Haznedaroglu Kivanc (TUR)"]
[Black "Mena Crespo Carlos (CUB)"]
[Result "1-0"]
[WhiteElo "2430"]
[BlackElo "2413"]

1.e4 e5 2.Nf3 Nc6 3.Bb5 a6 4.Ba4 Nf6 5.O-O Be7 6.Re1 b5 7.Bb3 d6 8.c3 O-O 9.h3
Nb8 10.d4 Nbd7 11.c4 c6 12.c5 Qc7 13.cxd6 Bxd6 14.Bg5 Re8 15.Nbd2 exd4 16.Nxd4
c5 17.Nf5 Bf8 18.Qf3 c4 19.Bc2 Ra7 20.Rad1 Ne5 21.Qg3 Ng6 22.Nf1 Re6 23.Qxc7
Rxc7 24.Rd8 h6 25.Bxf6 Rxf6 26.N1e3 Rfc6 27.Red1 Kh7 28.e5 Bxf5 29.Bxf5 Be7
30.Re8 Bg5 31.f4 Bh4 32.g3 Bxg3 33.Rdd8 {#r} 1-0

[Event "Memorial J.Capablanca (open)"]
[Site "masterchessopen.com Habana (Cuba)"]
[Date "2006.11.29"]
[Round "9"]
[White "Farley Terry (BAR)"]
[Black "Mena Crespo Carlos (CUB)"]
[Result "1-0"]
[WhiteElo "2246"]
[BlackElo "2413"]

1.e4 e5 2.Nf3 Nc6 3.Bb5 a6 4.Ba4 Nf6 5.O-O Be7 6.Re1 b5 7.Bb3 d6 8.c3 O-O 9.h3
Nb8 10.d4 Nbd7 11.Nbd2 Bb7 12.Bc2 Re8 13.Nf1 Bf8 14.Ng3 g6 15.Bd2 Bg7 16.a4
exd4 17.cxd4 c5 18.d5 Nb6 19.axb5 axb5 20.Bd3 b4 21.Qc2 Nfd7 22.Bb5 Qc7
23.Bxb4 Reb8 24.Bc3 Bxc3 25.Qxc3 f6 {#r} 1-0

[Event "It \"]
[Site "masterchessopen.com Doha (Qatar)"]
[Date "2006.12.03"]
[Round "5"]
[White "Samhouri A (JOR)"]
[Black "Sasikiran Krishnan (IND)"]
[Result "0-1"]
[WhiteElo "2336"]
[BlackElo "2675"]

1.e4 e5 2.Nf3 Nc6 3.Bb5 a6 4.Ba4 Nf6 5.O-O Be7 6.Re1 b5 7.Bb3 d6 8.c3 O-O 9.h3
Nb8 10.d4 Nbd7 11.Nbd2 Bb7 12.a4 c5 13.axb5 axb5 14.Rxa8 Qxa8 15.Qe2 cxd4
16.cxd4 Qa5 17.Bc2 Qb6 18.b3 Re8 19.Bb2 Bf8 20.Bd3 b4 21.dxe5 dxe5 22.Nc4 Qc7
23.Rc1 Qb8 24.Nfd2 Nc5 25.Bc2 Nfd7 26.Ne3 Ne6 27.Qg4 Nf6 28.Qh4 Nf4 29.Rd1 Qc7
30.Kh1 Bc5 31.Qg3 Bxe3 {#R} 0-1

[Event "Memorial Crespi (open)"]
[Site "masterchessopen.com Milan (Italy)"]
[Date "2006.12.08"]
[Round "2"]
[White "Bosi Clint (ITA)"]
[Black "Arboscelli Gregorio (ITA)"]
[Result "1-0"]
[WhiteElo "2048"]
[BlackElo "1923"]

1.e4 e5 2.Nf3 Nc6 3.Bb5 a6 4.Ba4 Nf6 5.O-O Be7 6.Re1 b5 7.Bb3 d6 8.h3 O-O 9.c3
Nb8 10.d4 Nbd7 11.Nbd2 Bb7 12.Bc2 Re8 13.Nf1 Bf8 14.Ng3 g6 15.Qd3 Bg7 16.Bg5
h6 17.Bd2 c5 18.a4 Qc7 19.b3 c4 20.Qe2 Nb6 21.a5 Nbd7 22.bxc4 bxc4 23.d5 Rab8
24.Ra4 Rec8 25.Rb1 Ba8 26.Rxb8 Nxb8 27.Be3 Nbd7 28.Nd2 Nc5 29.Bxc5 Qxc5
30.Rxc4 {#r} 1-0

[Event "Ch Europe (active)"]
[Site "masterchessopen.com Warsaw (Poland)"]
[Date "2006.12.16"]
[Round "7"]
[White "Fedorchuk Sergey A (UKR)"]
[Black "Sulypa Alexandre (UKR)"]
[Result "1-0"]
[WhiteElo "2599"]
[BlackElo "2478"]

1.e4 e5 2.Nf3 Nc6 3.Bb5 a6 4.Ba4 Nf6 5.O-O Be7 6.Re1 b5 7.Bb3 d6 8.c3 O-O 9.h3
Nb8 10.d4 Nbd7 11.Nbd2 Bb7 12.Bc2 Re8 13.Nf1 Bf8 14.Ng3 g6 15.a4 c6 16.Bg5 h6
17.Bd2 Bg7 18.b4 Nb6 19.Qc1 Kh7 20.Bb3 Qe7 21.dxe5 dxe5 22.Be3 Nxa4 23.Bxa4
bxa4 24.Rxa4 Nd7 25.Ra5 Rec8 26.Qb1 Rab8 27.Qa2 Kg8 28.Rb1 c5 29.bxc5 Nxc5
30.Qa3 Bf8 31.Bxc5 Rxc5 32.Qxc5 Qxc5 33.Rxc5 Bxc5 34.Nxe5 Re8 35.Nd7 {#r} 1-0

[Event "Sub-zt"]
[Site "masterchessopen.com Bogota (Colombia)"]
[Date "2006.12.18"]
[Round "1"]
[White "Remicio Duque John H (COL)"]
[Black "Pena Alfredo (COL)"]
[Result "0-1"]
[WhiteElo "2111"]
[BlackElo "2274"]

1.e4 e5 2.Nf3 Nc6 3.Bb5 a6 4.Ba4 Nf6 5.O-O Be7 6.Re1 b5 7.Bb3 d6 8.h3 O-O 9.c3
Nb8 10.d4 Nbd7 11.Nbd2 Bb7 12.Bc2 Re8 13.Nf1 Bf8 14.Ng3 g6 15.Bg5 h6 16.Be3 c6
17.Qd2 Kh7 18.Rad1 Qc7 19.Bb3 Re7 20.Nh4 c5 21.d5 c4 22.Bc2 Nc5 23.f4 exf4
24.Bxf4 Rae8 25.Qd4 Nxd5 26.Nhf5 Nxf4 27.Nxe7 Qxe7 28.Nf5 gxf5 29.exf5 Qg5
30.Qf2 {#R} 0-1

[Event "Memorial Steinhart (cat.7)"]
[Site "masterchessopen.com Herzelia (Israel)"]
[Date "2006.12.30"]
[Round "8"]
[White "Caspi Israel (ISR)"]
[Black "Lev Ronen (ISR)"]
[Result "1-0"]
[WhiteElo "2359"]
[BlackElo "2414"]

1.e4 e5 2.Nf3 Nc6 3.Bb5 a6 4.Ba4 Nf6 5.O-O Be7 6.Re1 b5 7.Bb3 d6 8.c3 O-O 9.h3
Nb8 10.d4 Nbd7 11.Nbd2 Bb7 12.Bc2 Re8 13.Nf1 Bf8 14.Ng3 g6 15.b3 exd4 16.cxd4
c5 17.Bb2 Bg7 18.Qd2 Rc8 19.Rad1 Qc7 20.Qf4 cxd4 21.Bb1 d5 22.e5 Ne4 23.Rc1
Qb8 24.Rxc8 Rxc8 25.Bxd4 Ndc5 26.Nxe4 dxe4 27.Bxc5 Rxc5 28.Qe3 Qc7 29.Bxe4 Rc3
30.Qd4 Bxe4 31.Qxe4 Qc6 32.Qf4 Qd5 33.Ng5 Bh6 34.e6 {#r} 1-0

[Event "Bundesliga 2006/07"]
[Site "masterchessopen.com Germany"]
[Date "2007.02.25"]
[Round "11"]
[White "Volokitin Andrei (UKR)"]
[Black "Bacrot Etienne (FRA)"]
[Result "1-0"]
[WhiteElo "2678"]
[BlackElo "2695"]

{ Volokitin Andrei (UKR) +1 =1 -0 Bacrot Etienne (FRA) +0 =0 -1 } 1.e4 e5
2.Nf3 Nc6 3.Bb5 a6 4.Ba4 Nf6 5.O-O Be7 6.Re1 b5 7.Bb3 O-O 8.c3 d6 9.h3 Nb8
10.d4 Nbd7 11.Nbd2 Bb7 12.Bc2 Re8 13.Nf1 Bf8 14.Ng3 { ?/= } 14...c6 { +0.48
CAP } ( 14...c5 15.d5 c4 16.Nf5 Qc7 17.Nh2 Reb8 18.Ng4 Bc8 19.a3 a5 20.Nxf6+
Nxf6 21.Qf3 Nd7 22.Bd2 Nc5 23.g4 Bd7 24.Kh2 Na6 25.Rg1 Ra7 26.g5 Be8 27.Be3
Nc5 28.Bd2 Na6 29.Be3 Nc5 30.Bd2 { 1/2-1/2, Almasi Zoltan 2676 - Kramnik
Vladimir 2807 , Monaco 2002 It "Melody Amber" (blindfold) } ) ( 14...g6 15.a4
c5 16.d5 c4 17.Bg5 h6 18.Be3 Nc5 19.Qd2 h5 20.Ra3 Nfd7 21.Rea1 Bg7 22.Bg5 Bf6
23.Bh6 Qe7 24.Qc1 Nb6 25.axb5 axb5 26.Ra5 Qd7 27.Bg5 Bg7 28.Bh6 Bf6 29.Bg5 Bg7
30.Bh6 { 1/2-1/2, Shirov Alexei 2723 - Kramnik Vladimir 2807 , Monaco 2002 It
"Melody Amber" (blindfold) } ) 15.Nf5 ( 15.a4 g6 16.Bg5 Qc7 17.Qd2 Bg7 18.b3
Nf8 19.b4 Ne6 20.Be3 Nd7 21.Bb3 Rac8 22.axb5 cxb5 23.d5 Nf4 24.Rac1 Nb6
25.Bxf4 exf4 26.Qxf4 Qd8 27.Qd2 Qf6 28.Qd4 Qxd4 29.cxd4 Bh6 30.Rb1 Nc4 31.Nf1
Re7 32.N3h2 Bg7 33.Nf3 Bh6 34.g4 Bf4 { ...1/2-1/2, Stefansson Hannes 2557 -
Acs Peter 2497 , Varadero 2000 Memorial J.Capablanca (cat.13) } ) 15...Qc7 { N
} ( 15...g6 16.Nh6+ Bxh6 17.Bxh6 Nh5 18.Qd2 f6 19.Rad1 Ng7 20.dxe5 Nxe5
21.Qxd6 Qe7 22.Nxe5 fxe5 23.Bb3+ Kh8 24.Qxe7 Rxe7 25.Bg5 Rc7 26.Bd8 Rcc8
27.Bf6 Rf8 28.Bxg7+ Kxg7 29.Rd7+ { 1-0, Burstein S - Tomson E, Moscow 1956
Olympiad } ) 16.dxe5 dxe5 17.Nh2 c5 18.Qf3 c4 19.Bg5 Qc6 20.Rad1 h6 21.Bc1 Nc5
22.Bxh6 Nfxe4 23.Ng4 Re6 24.Be3 Rae8 25.Bxc5 Nxc5 26.Qg3 a5 { ?! } ( 26...e4 {
!? } 27.Nd4 Qb6 28.Nxe6 Rxe6 29.Qb8 Nd3 30.Bxd3 cxd3 31.Ne5 Rd6 32.a4 { } )
27.Rxe5 Nd3 { ? } ( 27...Qxg2+ 28.Qxg2 { } ) 28.Bxd3 cxd3 29.Nd4 Rxe5 30.Nxc6
{ } {#r} 1-0

[Event "Ch Niedersachsen (seniors)"]
[Site "masterchessopen.com Sottrum (Germany)"]
[Date "2007.03.23"]
[Round "2"]
[White "Ljubarskij Jurij (GER)"]
[Black "Perk Egbert (GER)"]
[Result "1-0"]
[WhiteElo "2325"]
[BlackElo "2067"]

1.e4 e5 2.Nf3 Nc6 3.Bb5 a6 4.Ba4 Nf6 5.O-O Be7 6.Re1 b5 7.Bb3 d6 8.c3 O-O 9.h3
Nb8 10.d4 Nbd7 11.Nbd2 Bb7 12.Bc2 Re8 13.Nf1 Bf8 14.Ng3 g6 15.Nh2 Bg7 16.f4 c6
17.Be3 Qc7 18.Ng4 Nxg4 19.Qxg4 Nf6 20.Qh4 Qe7 21.fxe5 dxe5 22.Bg5 h6 23.Bxh6
Bxh6 24.Qxh6 Qf8 25.Qh4 Nh7 26.Rf1 Bc8 27.Bb3 Ra7 28.Rad1 a5 29.a3 b4 30.axb4
axb4 31.cxb4 exd4 32.Rxd4 Kg7 33.Rc1 Rb7 34.Rxc6 Rxb4 35.Rxb4 Qxb4 36.Bxf7
{#r} 1-0

[Event "It (open) (active)"]
[Site "masterchessopen.com Zafra (Spain)"]
[Date "2007.03.25"]
[Round "9"]
[White "Fedorchuk Sergey A (UKR)"]
[Black "Sasikiran Krishnan (IND)"]
[Result "1-0"]
[WhiteElo "2645"]
[BlackElo "2661"]

{ Fedorchuk Sergey A (UKR) +2 =1 -0 Sasikiran Krishnan (IND) +13 =11 -8 } 1.e4
e5 2.Nf3 Nc6 3.Bb5 a6 4.Ba4 Nf6 5.O-O Be7 6.Re1 b5 7.Bb3 d6 8.c3 O-O 9.h3 Nb8
10.d4 Nbd7 11.Nbd2 Bb7 12.Bc2 Re8 13.a4 ( 13.Nf1 Bf8 14.Ng3 g6 15.a4 c6 16.Bg5
h6 17.Bd2 Bg7 18.b4 Nb6 19.Qc1 Kh7 20.Bb3 Qe7 21.dxe5 dxe5 22.Be3 Nxa4 23.Bxa4
bxa4 24.Rxa4 Nd7 25.Ra5 Rec8 26.Qb1 Rab8 27.Qa2 Kg8 28.Rb1 c5 29.bxc5 Nxc5
30.Qa3 Bf8 31.Bxc5 Rxc5 32.Qxc5 Qxc5 { ...1-0, Fedorchuk Sergey A 2599 -
Sulypa Alexandre 2478 , Warsaw 16.12.2006 Ch Europe (active) } ) 13...Bf8
14.Bd3 c6 { ?/= } 15.b4 ( 15.Nf1 d5 16.Bg5 dxe4 17.Rxe4 Be7 18.Re2 exd4
19.Nxd4 g6 20.axb5 cxb5 21.Bc2 Nd5 22.Qd2 Bxg5 23.Rxe8+ Qxe8 24.Qxg5 Qe5
25.Qxe5 Nxe5 26.Nd2 Rd8 27.Be4 b4 28.cxb4 { 1/2-1/2, Svidler Peter 2689 -
Bacrot Etienne 2613 , New Delhi 2000 Ch World FIDE (KO-system) } ) 15...Nb6
16.a5 ( 16.axb5 axb5 17.Rxa8 Qxa8 ( 17...Bxa8 18.Qc2 { +0.26 CAP } ) 18.Nb3
Qb8 19.Na5 Ba8 20.Bg5 Nfd7 21.Bh4 g6 22.Bg3 Bg7 23.Qb3 Nf8 24.c4 bxc4 25.Nxc4
Nbd7 26.Qa2 Ne6 27.Rb1 h6 28.Qa5 Nf4 29.Bxf4 exf4 30.b5 c5 31.d5 f5 32.exf5
Bxd5 33.b6 Bxf3 34.gxf3 d5 35.Qb5 Rd8 { ...1-0, Sokolov Andrei 2591 - Bacrot
Etienne 2718 , Aix les Bains 2003 Ch France } ) 16...Nbd7 17.Qb3 { N } (
17.Bb2 g6 18.Rb1 ( 18.Qb3 Bg7 19.Rac1 Nh5 20.Bf1 Nf4 21.c4 exd4 22.Nxd4 c5
23.N4f3 Bxb2 24.Qxb2 cxb4 25.g3 Nh5 26.cxb5 axb5 27.Bxb5 Rxa5 28.Qxb4 Qb6
29.Rb1 Re7 30.Nc4 { 1-0, Dervishi Erald 2501 - Cobb James 2335 , Leon 2001 Ch
Europe (team) } ) 18...Nh5 19.c4 exd4 20.Bxd4 c5 21.Ba1 cxb4 22.cxb5 axb5
23.Rxb4 Rxa5 24.Rxb5 Nc5 25.Rxa5 Qxa5 26.Bc4 Ne6 27.Qb3 Ba6 28.Bd5 Nhf4 29.Nc4
Qb5 30.Qxb5 Bxb5 31.Ne3 Bg7 { 1/2-1/2, Polgar Sofia 2480 - Gabriel Christian
2565 , Bad Homburg 1996 It (cat.12) } ) 17...c5 18.c4 { +0.00 CAP } 18...exd4
19.cxb5 axb5 20.Bxb5 Rb8 { ?! } ( 20...Nxe4 { !? } 21.a6 Nef6 22.Rxe8 Qxe8
23.Bb2 Bd5 24.Bc4 { } ) 21.Bc4 { ?! } ( 21.a6 { !? } 21...Bxe4 22.Nxe4 Rxb5
23.a7 Rxe4 24.Rxe4 Rxb4 25.Qd3 { } ) 21...d5 22.exd5 Rxe1+ 23.Nxe1 Ne5 24.b5
Nxc4 25.Nxc4 Bxd5 26.Bf4 Ra8 27.b6 Qc8 28.Qb2 Rb8 { ? } ( 28...Qa6 29.Nd6 Bxd6
30.Bxd6 Ne4 31.Qa3 Qe2 32.Bg3 Re8 33.Nd3 Nxg3 34.Nf4 Qe1+ 35.Rxe1 Rxe1+ { } )
29.Qb3 { ? } ( { ? } 29.a6 Bxc4 30.b7 Qe6 31.a7 Rxb7 32.Qxb7 Bd5 33.a8=Q Bxb7
34.Qxb7 h6 35.Nf3 Qe4 36.Ra7 { } ) 29...Ra8 30.Qb2 h6 { ?! } ( 30...Qa6 { !? }
31.Nd6 Bxd6 32.Bxd6 Ne4 33.Qa3 Qe2 34.Bg3 Re8 35.Nd3 Nxg3 36.Nf4 Qe1+ 37.Rxe1
Rxe1+ { } ) 31.Bd6 Ne4 32.Bxf8 Kxf8 33.Nd3 Ra6 { ? } ( 33...Nc3 34.Re1 Na4
35.Qe2 Qd8 36.Nde5 Nc3 37.Qd3 Qg5 38.g3 { } ) 34.Nce5 Kg8 35.Qb5 Ra8 36.f3 Nc3
37.Qxc5 Qb7 38.Kf2 { } {#r} 1-0

[Event "Cup Doeberl"]
[Site "masterchessopen.com Canberra (Australia)"]
[Date "2007.04.08"]
[Round "6"]
[White "Schon Eugene (AUS)"]
[Black "Rej Tomek (AUS)"]
[Result "0-1"]
[WhiteElo "1975"]
[BlackElo "2283"]

1.e4 e5 2.Nf3 Nc6 3.Bb5 a6 4.Ba4 Nf6 5.O-O Be7 6.Re1 b5 7.Bb3 d6 8.c3 O-O 9.h3
Nb8 10.d4 Nbd7 11.Nbd2 Bb7 12.Bc2 Re8 13.Nf1 d5 14.exd5 exd4 15.Nxd4 Nxd5
16.Ne3 N7f6 17.Ndf5 Bc5 18.Nd4 Nf4 19.Nf3 Qxd1 20.Bxd1 Nd3 21.Rf1 Nxc1 22.Rxc1
Rxe3 23.fxe3 Bxe3+ {#R} 0-1

[Event "Cup Vojvodina (team)"]
[Site "masterchessopen.com Banja Junakovic (Serbia)"]
[Date "2007.04.29"]
[Round "3"]
[White "Somborski Nebojsa (SRB)"]
[Black "Tancik Kristijan (SRB)"]
[Result "1-0"]
[WhiteElo "2351"]
[BlackElo "2202"]

1.e4 e5 2.Nf3 Nc6 3.Bb5 a6 4.Ba4 Nf6 5.O-O Be7 6.Re1 b5 7.Bb3 d6 8.c3 O-O 9.h3
Nb8 10.d4 Nbd7 11.Nbd2 Bb7 12.Bc2 Re8 13.Nf1 Bf8 14.Ng3 g6 15.Bg5 Bg7 16.Qd2
Qe7 17.a4 c6 18.Bd3 Qf8 19.b4 d5 20.dxe5 Nxe5 21.Nxe5 Rxe5 22.f4 Ree8 23.e5
Nd7 24.axb5 axb5 25.Ne2 f6 26.exf6 Nxf6 27.Nd4 Rxa1 28.Rxa1 Ne4 29.Bxe4 Rxe4
30.f5 gxf5 31.Rf1 Bxd4+ 32.cxd4 Qg7 33.Rxf5 Qxd4+ 34.Qxd4 Rxd4 35.Bh6 {#r} 1-0

[Event "It (open) (b)"]
[Site "masterchessopen.com Barlinek (Czech Republic)"]
[Date "2007.06.09"]
[Round "8"]
[White "Muc Zbigniew (POL)"]
[Black "Chomski Maciej (POL)"]
[Result "0-1"]
[WhiteElo "1847"]
[BlackElo "1716"]

1.e4 e5 2.Nf3 Nc6 3.Bb5 a6 4.Ba4 Nf6 5.O-O b5 6.Bb3 Be7 7.Re1 d6 8.c3 O-O 9.h3
Nb8 10.d4 Nbd7 11.a4 Bb7 12.Nbd2 Re8 13.Ng5 Rf8 14.Ngf3 Re8 15.Nh2 Bf8 16.Qf3
c5 17.g4 exd4 18.cxd4 cxd4 19.g5 Nxe4 20.Qg2 {#R} 0-1

[Event "Ch Paulista"]
[Site "masterchessopen.com Sao Paulo (Brazil)"]
[Date "2007.06.28"]
[Round "1"]
[White "Dos Santos Silva Caio Henrique (BRA)"]
[Black "De Souza Mauro (BRA)"]
[Result "0-1"]
[WhiteElo "1845"]
[BlackElo "2317"]

1.e4 e5 2.Nf3 Nc6 3.Bb5 a6 4.Ba4 Nf6 5.O-O Be7 6.Re1 b5 7.Bb3 d6 8.c3 O-O 9.h3
Nb8 10.d4 Nbd7 11.Nbd2 Bb7 12.Bc2 Re8 13.Nf1 Bf8 14.d5 c6 15.dxc6 Bxc6 16.Ng3
g6 17.Be3 Qc7 18.Qd2 d5 19.Bh6 dxe4 20.Bxe4 Nxe4 21.Nxe4 Bxe4 22.Rxe4 Nc5
23.Rh4 Rad8 24.Qe3 Bxh6 25.Qxh6 f6 26.Qe3 Rd3 27.Qe2 Red8 28.Re1 R3d7 29.Qc2
Qc6 30.b4 Nd3 31.Re3 Nf4 32.Re1 Rd3 {#R} 0-1

[Event "It (open)"]
[Site "masterchessopen.com Leiden (Netherlands)"]
[Date "2007.07.16"]
[Round "4"]
[White "Koster Adinda (NED)"]
[Black "Ouwens Bert (NED)"]
[Result "1-0"]
[WhiteElo "2056"]
[BlackElo "1977"]

1.e4 e5 2.Nf3 Nc6 3.Bb5 a6 4.Ba4 Nf6 5.O-O Be7 6.Re1 b5 7.Bb3 d6 8.c3 O-O 9.h3
Nb8 10.d4 Nbd7 11.a4 Bb7 12.Nbd2 c5 13.d5 c4 14.Bc2 Nc5 15.Nf1 Nfd7 16.Ng3 g6
17.Bh6 Re8 18.Nh2 Bf8 19.Bxf8 Rxf8 20.Qd2 f6 21.h4 Qe7 22.h5 Kg7 23.Ng4 Rh8
24.axb5 axb5 25.Rxa8 Bxa8 26.Qh6+ Kg8 27.hxg6 Qg7 28.Nf5 {#r} 1-0

[Event "It (open)"]
[Site "masterchessopen.com Pardubice (Czech Republic)"]
[Date "2007.07.22"]
[Round "3"]
[White "Zhigalko Andrey (BLR)"]
[Black "Barglowski Filip (POL)"]
[Result "1-0"]
[WhiteElo "2554"]
[BlackElo "2356"]

1.e4 e5 2.Nf3 Nc6 3.Bb5 a6 4.Ba4 Nf6 5.O-O Be7 6.Re1 b5 7.Bb3 d6 8.c3 O-O 9.h3
Nb8 10.d4 Nbd7 11.Nbd2 Bb7 12.Bc2 Re8 13.Nf1 Bf8 14.Ng3 g6 15.a4 c5 16.d5 c4
17.Bg5 h6 18.Be3 Nc5 19.Qd2 h5 20.Ra3 Nfd7 21.Rea1 Nb6 22.axb5 axb5 23.Rxa8
Bxa8 24.Bg5 Be7 25.Bxe7 Qxe7 26.Ra5 h4 27.Nf1 Nxe4 28.Bxe4 f5 29.Bc2 Bxd5 {#r}
1-0

[Event "It (open)"]
[Site "masterchessopen.com Galapagar (Spain)"]
[Date "2007.07.23"]
[Round "3"]
[White "Penalosa Pinilla Jesus (ESP)"]
[Black "Roa Alonso Santiago (ESP)"]
[Result "0-1"]
[WhiteElo "2209"]
[BlackElo "2451"]

1.e4 e5 2.Nf3 Nc6 3.Bb5 a6 4.Ba4 Nf6 5.O-O Be7 6.Re1 b5 7.Bb3 d6 8.c3 O-O 9.h3
Nb8 10.d4 Nbd7 11.Nbd2 Bb7 12.Bc2 Re8 13.Nf1 Bf8 14.Ng3 g6 15.a4 c5 16.d5 c4
17.Bg5 h6 18.Be3 Nc5 19.Ra3 Qc7 20.Qd2 h5 21.Nh2 h4 22.Ngf1 {#R} 0-1

[Event "It (open)"]
[Site "masterchessopen.com Poznan (Poland)"]
[Date "2007.07.26"]
[Round "6"]
[White "Maciejczak Jakub (POL)"]
[Black "Chojnacki Krzysztof (POL)"]
[Result "1-0"]
[WhiteElo "2328"]
[BlackElo "2398"]

1.e4 e5 2.Nf3 Nc6 3.Bb5 a6 4.Ba4 Nf6 5.O-O Be7 6.Re1 b5 7.Bb3 d6 8.c3 O-O 9.h3
Nb8 10.d4 Nbd7 11.Nbd2 Bb7 12.Bc2 Re8 13.Nf1 Bf8 14.Ng3 g6 15.b3 d5 16.Nxe5
Nxe4 17.Qf3 Nxe5 18.dxe5 Rxe5 19.Bf4 Ng5 20.Qg4 Rxe1+ 21.Rxe1 Ne6 22.Rxe6 fxe6
23.Bxg6 hxg6 24.Qxg6+ Bg7 25.Nh5 Qe7 26.Be5 Qf7 27.Qg5 Kh7 28.Bxg7 Qg6 29.Qe7
Qb1+ 30.Kh2 Rg8 31.Qf7 Qg6 32.Nf6+ Qxf6 33.Bxf6+ {#r} 1-0